Images / Ils sont nés la même année que... (personnages fictifs) - 5 - - Statistiques

Statistiques générales
  • Ce quiz a été pris 3 fois
  • Le résultat moyen est 6 sur 30
Statistiques - réponses
Question Réponse % Correct
Mazarine Pingeot est née la même année que
67%
Ophélie Winter est née la même année que
33%
Laurent Ournac est né la même année que
33%
Zinédine Zidane est né la même année que
33%
Leonardo DiCaprio est né la même année que
33%
Cyril Lignac est né la même année que
33%
Lorant Deutsch est né la même année que
33%
Cate Blanchett est née la même année que
33%
Emmanuel Macron est né la même année que
33%
Renan Luce est né la même année que
33%
Shakira est née la même année que
33%
Sébastien Loeb est né la même année que
33%
Benjamin Castaldi est né la même année que
33%
Vincent Niclo est né la même année que
33%
Adriana Karembeu est née la même année que
33%
Cartman est né la même année que
33%
Roger Federer est né la même année que
0%
Arnaud Ducret est né la même année que
0%
Thierry Henry est né la même année que
0%
Marion Cotillard est née la même année que
0%
Laeticia Hallyday est née la même année que
0%
Edouard Philippe est né la même année que
0%
Sylvie Tellier est née la même année que
0%
Harry Roselmack est né la même année que
0%
Christophe Maé est né la même année que
0%
Christophe Beaugrand est né la même année que
0%
Thomas Dutronc est né la même année que
0%
David Douillet est né la même année que
0%
Kate Moss est née la même année que
0%
Marie Drucker est née la même année que
0%
Aucun quiz correspondant
Distribution des résultats
% des personnes avec chaque résultat
Percentile par nombre de réponses
Votre historique - résultats
Vous n’avez pas pris ce quiz